[Event "Floripa Super Blitz 2019"]
[Site "Florianopolis"]
[Date "2019.01.23"]
[Round "9"]
[White "Cubas, Jose Fernando"]
[Black "Molina, Roberto Junio Brito"]
[Result "1-0"]
[WhiteElo "2506"]
[BlackElo "2458"]
[Annotator "ChessBase"]
[PlyCount "59"]
[EventDate "2019.01.23"]
[EventType "swiss"]
[EventCountry "BRA"]
[SourceTitle "playchess.com"]
[Source "ChessBase"]
[SourceQuality "1"]
[TimeControl "180+2"]

1. Nc3 {[%emt 0:00:00]} d5 {[%emt 0:00:00]} 2. d4 {[%emt 0:00:02]} Nf6 {[%emt 0:00:00]} 3. Bf4 {[%emt 0:00:02]} a6 {[%emt 0:00:01]} 4. f3 {[%emt 0:00:01]} e6 {[%emt 0:00:03]} 5. e3 {[%emt 0:00:38]} c5 {[%emt 0:00:02]} 6. Qd2 {[%emt 0:00:13]} Bd6 {[%emt 0:00:10]} 7. Nh3 {[%emt 0:00:04]} Nc6 {[%emt 0:00:03]} 8. Bxd6 {[%emt 0:00:05]} Qxd6 {[%emt 0:00:01]} 9. Nf4 {[%emt 0:00:02]} O-O {[%emt 0:00:12]} 10. Be2 {[%emt 0:00:05]} cxd4 {[%emt 0:00:14]} 11. exd4 {[%emt 0:00:01]} Nxd4 {[%emt 0:00:10]} 12. Qxd4 {[%emt 0:00:08]} e5 {[%emt 0:00:01]} 13. Qd2 {[%emt 0:00:03]} exf4 {[%emt 0:00:02]} 14. O-O-O {[%emt 0:00:02]} Be6 {[%emt 0:00:03]} 15. g4 {[%emt 0:00:05]} Rfd8 {[%emt 0:00:14]} 16. g5 {[%emt 0:00:07]} Ne8 {[%emt 0:00:17]} 17. Bd3 {[%emt 0:00:02]} b5 {[%emt 0:00:04]} 18. Ne2 {[%emt 0:00:01]} b4 {[%emt 0:00:30]} 19. Nxf4 {[%emt 0:00:02]} a5 {[%emt 0:00:06]} 20. h4 {[%emt 0:00:02]} a4 {[%emt 0:00:06]} 21. Kb1 {[%emt 0:00:22]} d4 {[%emt 0:00:08]} 22. Nxe6 {[%emt 0:00:03]} Qxe6 {[%emt 0:00:06]} 23. h5 {[%emt 0:00:11]} Qd6 {[%emt 0:00:15]} 24. g6 {[%emt 0:00:15]} fxg6 {[%emt 0:00:02]} 25. Bc4+ {[%emt 0:00:03]} Kf8 {[%emt 0:00:04]} 26. hxg6 {[%emt 0:00:02]} h6 {[%emt 0:00:01]} 27. Rxh6 {[%emt 0:00:09]} gxh6 {[%emt 0:00:32]} 28. Qxh6+ {[%emt 0:00:01]} Ke7 {[%emt 0:00:01]} 29. Qh7+ {[%emt 0:00:05]} Kf6 {[%emt 0:00:09]} 30. Qf7+ {[%emt 0:00:17]} 1-0

[Event "Floripa Super Blitz 2019"]
[Site "Florianopolis"]
[Date "2019.01.23"]
[Round "9"]
[White "Souza, Adwilhans Luciano"]
[Black "Granda Zuniga, Julio E"]
[Result "0-1"]
[WhiteElo "2368"]
[BlackElo "2641"]
[Annotator "TA"]
[PlyCount "57"]
[EventDate "2019.01.23"]
[EventType "swiss"]
[EventCountry "BRA"]
[SourceTitle "playchess.com"]
[Source "ChessBase"]
[SourceQuality "1"]

{[%evp 21,57,60,113,-8,-6,-19,66,-22,0,-8,-4,-56,-46,-65,-57,-66,-27,-27,-32,-28,-5,-73,-67,-66,-69,-69,-44,-179,-181,-181,-171,-162,-147,-133,-129,-182,-181,-213]} 1. e4 c5 2. Nf3 Nc6 3. d4 cxd4 4. Nxd4 e6 5. Nc3 Qc7 6. Be2 a6 7. O-O Nf6 8. Be3 b5 9. Nxc6 dxc6 10. f4 b4 11. Na4 {B49: Sicilian: Taimanov: 5 Nc3 Qc7 6 Be3 a6 7 Be2} Nxe4 {[#] LiveBook: 3 Games} (11... Rb8 $14) (11... c5 12. c3 Rb8 13. cxb4 Rxb4 14. Rc1 Nxe4 15. a3 Rb8 16. Bf3 Bb7 17. Bxe4 Bxe4 18. Bxc5 Rxb2 19. Nxb2 Bxc5+ {½-½ (50) Tan,Z (2530)-Dzagnidze,N (2519) Wenzhou 2018}) 12. Nb6 (12. Bf3 $1 $16 {[%cal Rf3e4]} f5 13. Qd4) 12... Rb8 $11 13. Nxc8 {The position is equal.} Qxc8 $146 (13... Rxc8 $11 14. Qd3 (14. Bxa6 Rd8 $11) 14... Nf6) ({Predecessor:} 13... Rxc8 14. Bxa6 Rd8 15. Qe1 Bc5 16. Bxc5 Nxc5 17. Bc4 Rd4 18. Bxe6 Re4 {0-1 (32) Walsh,C (2180)-Crouch,C (2375) England 1997}) 14. Bf3 (14. Qd4 $14 Nd6 15. Bd3) 14... Nf6 15. Bd4 {Black should prevent f5.} Be7 16. Be5 (16. f5 $11) 16... Rb5 17. Qe2 O-O 18. Rad1 Nd7 19. c4 Rb7 20. Bd6 Nf6 21. Be5 (21. Qe5 $11) 21... Rd7 $17 22. b3 Rfd8 23. Rxd7 Nxd7 24. Rd1 (24. Bd4 $1 $15) 24... Nxe5 $19 25. fxe5 Bc5+ 26. Kf1 Bd4 27. Qe4 c5 28. Be2 (28. g3 $17) 28... g6 29. h4 {Precision: White = 11%, Black = 58%.} 0-1

[Event "Floripa Super Blitz 2019"]
[Site "Florianopolis"]
[Date "2019.01.23"]
[Round "9"]
[White "Menna Barreto, Luiz Ney"]
[Black "Proudian, Armen"]
[Result "0-1"]
[WhiteElo "2327"]
[BlackElo "2413"]
[Annotator "TA"]
[PlyCount "100"]
[EventDate "2019.01.23"]
[EventType "swiss"]
[EventCountry "BRA"]
[SourceTitle "playchess.com"]
[Source "ChessBase"]
[SourceQuality "1"]

{[%evp 17,100,-141,-141,-200,-87,-93,-92,-95,-99,-95,-92,-101,-95,-108,-72,-77,0,0,0,-47,-29,-65,0,-37,-22,-48,-14,-34,14,14,15,0,0,0,0,0,0,0,0,-45,-31,-29,-25,-35,-31,-39,-8,-51,-15,-45,0,-113,-104,-111,-20,-33,-28,-121,-160,-160,-150,-125,-125,-189,-179,-247,-112,-153,-152,-147,-85,-595,-604,-541,-379,-537,-527,-536,-518,-609,-535,-457,-416,-29993,-29994]} 1. Nf3 Nf6 2. c4 e6 3. Nc3 d5 4. d4 Bb4 5. Bg5 h6 6. Bxf6 Qxf6 7. Qa4+ Nc6 8. Ne5 Bd7 {D38: Queen's Gambit Declined: Ragozin Defence (4 Nf3 Bb4)} (8... O-O 9. Nxc6 Bxc3+ 10. bxc3 Bd7 11. cxd5 exd5 12. e3 Bxc6 13. Bb5 Bxb5 14. Qxb5 Qd6 15. O-O a6 16. Qb4 {0-1 (53) Siebrecht,S (2463)-Socko,B (2611) Germany 2014}) 9. Nxd7 Qxd4 {LiveBook: 4 Games} ({Worse is} 9... Kxd7 10. cxd5 exd5 11. e3 $14) 10. Rc1 (10. Qc2 $17 Qxc4 11. O-O-O Bxc3 12. bxc3 Kxd7 13. e4) 10... dxc4 ({Resist} 10... Kxd7 11. e3 $17) (10... Qxc4 $19 11. Nc5 Qxc5) 11. e3 $17 Qxd7 12. Bxc4 Bxc3+ $1 13. Rxc3 Ne5 14. Qa5 $146 ({Predecessor:} 14. Bb5 c6 15. Be2 O-O 16. O-O {0-1 (39) Shabtai,R (2370)-Haimovich,T (2320) Tel Aviv 1993}) 14... Nxc4 15. Rxc4 b6 16. Qc3 O-O-O (16... O-O $1 $17) 17. O-O $11 Kb8 18. h3 f6 19. Rc1 {[%cal Rc4c7]} Rc8 (19... c5 $15) 20. Rc6 Rhd8 21. Qc4 e5 22. a4 Kb7 23. b4 a6 24. Kh1 Re8 25. Kg1 Re7 26. Qe4 {Intending Rxc7+ and mate.} Kb8 27. a5 Re6 $1 28. axb6 {aiming for Rxc7.} Rxc6 29. Rxc6 cxb6 30. Rxc8+ $1 Qxc8 {[%mdl 4096] Endgame KQ-KQ} 31. Qd5 Qc7 32. h4 Ka7 33. g3 a5 34. Qb5 {[#]} (34. b5 $1 $11) 34... axb4 $1 $17 35. Qxb4 {[#]} Kb7 (35... Qd7 $1 $17 36. Kh2 b5) 36. Qe4+ $11 Qc6 37. Qg6 (37. Qg4 $1 $11 {remains equal.} Qc7 38. Qe4+ Qc6 39. Qg4) 37... Qd7 $17 38. Qe4+ Ka7 39. Qb4 b5 40. Qa5+ (40. Qc5+ $17 Kb7 41. Kf1) 40... Kb7 $19 41. h5 (41. Qb4 $142) 41... Qc6 (41... Qd1+ $19 {has better winning chances.} 42. Kg2 Qd3) 42. Qb4 Kb6 43. Qe7 Qc7 ({Black should try} 43... Qc1+ 44. Kg2 Qc7) 44. Qb4 $2 {[%mdl 8192]} (44. Qf8 $17 {keeps some hope.}) 44... Qc5 45. Qg4 Qe7 46. Qc8 (46. Qe4 $142 b4 47. Qd5) 46... b4 47. Qb8+ Kc6 48. g4 Kc5 49. Qc8+ Kb5 50. Qb7+ (50. Qg8 $19 Qd7 51. Kh2) 50... Qxb7 {Precision: White = 21%, Black = 46%.} 0-1

[Event "Floripa Super Blitz 2019"]
[Site "Florianopolis"]
[Date "2019.01.23"]
[Round "9"]
[White "Souza, Iago Henrique da Si"]
[Black "Quintiliano Pinto, Renato R."]
[Result "1-0"]
[WhiteElo "2060"]
[BlackElo "2441"]
[Annotator "NA"]
[PlyCount "83"]
[EventDate "2019.01.23"]
[EventType "swiss"]
[EventCountry "BRA"]
[SourceTitle "playchess.com"]
[Source "ChessBase"]
[SourceQuality "1"]
[TimeControl "180+2"]

1. d4 {[%emt 0:00:00]} Nf6 {[%emt 0:00:00]} 2. Nf3 {[%emt 0:00:01]} e6 {[%emt 0:00:01]} 3. e3 {[%emt 0:00:02]} c5 {[%emt 0:00:02]} 4. Bd3 {[%emt 0:00:02]} Nc6 {[%emt 0:00:01]} 5. O-O {[%emt 0:00:02]} d5 {[%emt 0:00:02]} 6. b3 {[%emt 0:00:03]} Bd6 {[%emt 0:00:02]} 7. Nbd2 {[%emt 0:00:01]} O-O {[%emt 0:00:12]} 8. Bb2 {[%emt 0:00:00]} Qe7 {[%emt 0:00:07]} 9. c4 {[%emt 0:00:09]} cxd4 {[%emt 0:00:18]} 10. exd4 {[%emt 0:00:08]} b6 {[%emt 0:00:04]} 11. Rc1 {[%emt 0:00:05]} Bb7 {[%emt 0:00:01]} 12. Re1 {[%emt 0:00:02]} Ba3 {[%emt 0:00:14]} 13. Qc2 {[%emt 0:00:11]} Bxb2 {[%emt 0:00:04]} 14. Qxb2 {[%emt 0:00:01]} Rfd8 {[%emt 0:00:07]} 15. c5 {[%emt 0:00:19]} a5 {[%emt 0:00:22]} 16. cxb6 {[%emt 0:00:26]} Qb4 {[%emt 0:00:03]} 17. Qc3 {[%emt 0:00:19]} Qxb6 {[%emt 0:00:02]} 18. Qc5 {[%emt 0:00:05]} Qxc5 {[%emt 0:00:15]} 19. Rxc5 {[%emt 0:00:01]} Nd7 {[%emt 0:00:15]} 20. Rcc1 {[%emt 0:00:06]} Nb4 {[%emt 0:00:13]} 21. Bb1 {[%emt 0:00:08]} Rdc8 {[%emt 0:00:18]} 22. a3 {[%emt 0:00:10]} Nc6 {[%emt 0:00:01]} 23. Bd3 {[%emt 0:00:08]} Na7 {[%emt 0:00:14]} 24. h3 {[%emt 0:00:13]} h6 {[%emt 0:00:03]} 25. Nb1 {[%emt 0:00:22]} Bc6 {[%emt 0:00:04]} 26. Rc2 {[%emt 0:00:09]} Bb5 {[%emt 0:00:03]} 27. Rxc8+ {[%emt 0:00:04]} Rxc8 {[%emt 0:00:01]} 28. Bxb5 {[%emt 0:00:09]} Nxb5 {[%emt 0:00:01]} 29. a4 {[%emt 0:00:02]} Nd6 {[%emt 0:00:07]} 30. Nfd2 {[%emt 0:00:16]} Rc2 {[%emt 0:00:02]} 31. f3 {[%emt 0:00:04]} Nf5 {[%emt 0:00:02]} 32. Kf2 {[%emt 0:00:06]} Nxd4 {[%emt 0:00:01]} 33. Ke3 {[%emt 0:00:01]} Nc6 {[%emt 0:00:03]} 34. Kd3 {[%emt 0:00:01]} Nb4+ {[%emt 0:00:01]} 35. Ke3 {[%emt 0:00:02]} Nc5 {[%emt 0:00:23]} 36. Kd4 {[%emt 0:00:09]} Nc6+ {[%emt 0:00:09]} 37. Ke3 {[%emt 0:00:00]} d4+ {[%emt 0:00:02]} 38. Ke2 {[%emt 0:00:02]} Nb4 {[%emt 0:00:03]} 39. Na3 {[%emt 0:00:03]} Ra2 {[%emt 0:00:03]} 40. Nac4 {[%emt 0:00:01]} Nxb3 {[%emt 0:00:01]} 41. Rd1 {[%emt 0:00:02]} f6 {[%emt 0:00:06]} 42. Ke1 {[%emt 0:00:01]} 1-0

[Event "Floripa Super Blitz 2019"]
[Site "Florianopolis"]
[Date "2019.01.23"]
[Round "10"]
[White "Granda Zuniga, Julio E"]
[Black "Cubas, Jose Fernando"]
[Result "1-0"]
[WhiteElo "2641"]
[BlackElo "2506"]
[Annotator "TA"]
[PlyCount "101"]
[EventDate "2019.01.23"]
[EventType "swiss"]
[EventCountry "BRA"]
[SourceTitle "playchess.com"]
[Source "ChessBase"]
[SourceQuality "1"]

{[%evp 18,101,0,-10,0,15,0,-1,38,42,79,-19,50,-136,-106,-130,-136,-139,-132,-232,-154,-179,-156,-106,-57,-93,0,0,60,43,62,61,146,125,117,79,85,88,114,116,136,79,223,26,658,331,274,35,185,196,464,461,464,456,489,415,590,589,2237,2055,29958,4818,29973,29974,29973,845,818,786,2034,1904,1860,1588,1513,1514,1419,1222,29976,29977,29977,29978,29977,29979,29979,29980,29982,29973]} 1. c4 Nf6 2. Nc3 d5 3. cxd5 Nxd5 4. Qc2 (4. Nf3 g6 5. Qb3 Nb6 6. d4 Bg7 7. Bf4 Be6 8. Qa3 O-O 9. e3 N8d7 10. Rd1 c6 11. Ng5 Bf5 12. e4 Bg4 13. Be2 Bxe2 14. Nxe2 Qe8 {1-0 (32) Duda,J (2739)-Ivanchuk,V (2710) Batumi 2018}) 4... Nc6 5. Nf3 g6 6. a3 {A16: English Opening: 1...Nf6 with ...d5} Bg7 7. e3 O-O 8. Be2 e5 9. d3 Be6 10. O-O {LiveBook: 3 Games} Qe7 11. Bd2 Rad8 12. Rac1 $146 ({Predecessor:} 12. b4 a6 13. Rab1 {1-0 (51) Malakhatko,V (2511)-Gadimbayli,A (2412) Baku 2017}) 12... Nb6 13. b4 f5 14. Rfd1 (14. b5 $16 Na5 15. Na4) 14... g5 (14... a6 $11) 15. Na4 $2 (15. b5 $14 {keeps the upper hand.} Na5 16. Na4) 15... g4 $36 {[%mdl 2048] Keeping White busy.} 16. Ne1 Nxa4 17. Qxa4 {[#] aiming for b5.} Qf7 18. Rb1 (18. Qb5 $17 {keeps fighting.} Rb8 19. Qc5) 18... a6 19. b5 axb5 20. Qxb5 Bd5 21. Nc2 f4 (21... h5 $17) 22. Bxg4 $11 Qg6 (22... f3 $11 23. g3 e4) 23. e4 $1 $14 {[%cal Re4d5]} Ba2 $1 {[%cal Ra2b1]} 24. Bf5 $1 {[%cal Rf5g6]} Rxf5 (24... Qg5 $14) 25. exf5 $16 Qxf5 26. Rb2 (26. Qxb7 $6 Bxb1 27. Qb3+ (27. Qxc6 Bxc2 28. Qc4+ Kh8 $11) 27... Kh8 $11) 26... Bd5 27. f3 (27. Qxb7 $2 Qg4 $19) 27... Qg6 28. Kh1 b6 29. Bc3 (29. Nb4 $142 Nxb4 30. Bxb4) 29... Kh8 (29... Bf7 $16) 30. Re1 $2 (30. Nb4 $18 Nxb4 31. Qxb4 (31. Rxb4 Bc6 $16)) 30... Rg8 $2 {[%mdl 8192]} (30... Na7 $11 31. Qa6 Qc6) 31. Nb4 Nxb4 32. axb4 $2 ({Inferior is} 32. Rxb4 c6 $11) (32. Qxb4 $18 {Threatens to win with Rd2.} Qxd3 33. Rd2) 32... c6 ({Better is} 32... e4 $1 $14 33. Bxg7+ Qxg7 34. Qxd5 Qxb2) 33. Qxb6 $18 {[#] And now Qc7 would win.} Qxd3 $2 (33... e4 {was called for.}) 34. Qc5 Bf6 {intending ...Qxf3.} 35. Rf2 ({Resist} 35. Qd6 Qxc3 36. Qxf6+ Rg7 $18) 35... Bg7 36. h3 Qf5 (36... Re8 {was necessary.} 37. Rd2 Qc4 38. Qxc4 Bxc4) 37. b5 e4 38. fxe4 Bxe4 39. Bxg7+ Rxg7 40. Qxf5 Bxf5 41. bxc6 {[%mdl 4096] Endgame KRR-KRB} (41. Re8+ $142 Rg8 42. Rxg8+ Kxg8 43. bxc6 f3 44. Rxf3 Bc8 45. Rd3 Kf7 46. Rd8) 41... Rc7 42. Rxf4 Bg6 43. Rc1 Kg7 44. Rb4 Kf6 45. Rb7 Rc8 46. c7 Bf5 47. Rb8 {White mates.} Ke7 48. Rxc8 Bxc8 49. Rd1 Bd7 50. Kh2 Bc8 51. Kg3 {Precision: White = 44%, Black = 19%.} 1-0

[Event "Floripa Super Blitz 2019"]
[Site "Florianopolis"]
[Date "2019.01.23"]
[Round "10"]
[White "Proudian, Armen"]
[Black "Fier, Alexandr"]
[Result "1/2-1/2"]
[WhiteElo "2413"]
[BlackElo "2540"]
[Annotator "TA"]
[PlyCount "31"]
[EventDate "2019.01.23"]
[EventType "swiss"]
[EventCountry "BRA"]
[SourceTitle "playchess.com"]
[Source "ChessBase"]
[SourceQuality "1"]

{[%evp 27,31,0,0,0,93,0]} 1. e4 c5 2. Nf3 e6 3. d4 cxd4 4. Nxd4 a6 5. Bd3 Bc5 6. Nb3 Be7 7. O-O d6 8. f4 Qc7 9. Nc3 Nf6 10. e5 {B43: Sicilian: Kan Variation: 5 Nc3} dxe5 11. fxe5 Qxe5 12. Bf4 Qh5 13. Be2 Qg6 14. Bd3 $146 Qh5 {LiveBook: 21 Games} 15. Be2 (15. Qe1 $11) 15... Qg6 $16 {[#]} 16. Bd3 (16. h4 $1 $16 {[%cal Rh4h5]} h6 17. h5) 1/2-1/2

[Event "Floripa Super Blitz 2019"]
[Site "Florianopolis"]
[Date "2019.01.23"]
[Round "10"]
[White "Stamenkovic, Dragan"]
[Black "Januario, Severino Pereira"]
[Result "1-0"]
[WhiteElo "2378"]
[BlackElo "2173"]
[Annotator "NA"]
[PlyCount "93"]
[EventDate "2019.01.23"]
[EventType "swiss"]
[EventCountry "BRA"]
[SourceTitle "playchess.com"]
[Source "ChessBase"]
[SourceQuality "1"]
[TimeControl "180+2"]

1. d4 {[%emt 0:00:00]} c5 {[%emt 0:00:00]} 2. d5 {[%emt 0:00:01]} e5 {[%emt 0:00:01]} 3. Nc3 {[%emt 0:00:06]} d6 {[%emt 0:00:02]} 4. e4 {[%emt 0:00:02]} Nf6 {[%emt 0:00:01]} 5. Bb5+ {[%emt 0:00:07]} Nbd7 {[%emt 0:00:01]} 6. a4 {[%emt 0:00:01]} a6 {[%emt 0:00:02]} 7. Bd3 {[%emt 0:00:01]} Be7 {[%emt 0:00:01]} 8. Nf3 {[%emt 0:00:01]} Nf8 {[%emt 0:00:01]} 9. Nd2 {[%emt 0:00:06]} Ng6 {[%emt 0:00:01]} 10. Nc4 {[%emt 0:00:01]} Qc7 {[%emt 0:00:02]} 11. a5 {[%emt 0:00:05]} Bd7 {[%emt 0:00:02]} 12. Nb6 {[%emt 0:00:04]} Rb8 {[%emt 0:00:04]} 13. O-O {[%emt 0:00:02]} O-O {[%emt 0:00:07]} 14. b3 {[%emt 0:00:01]} Be8 {[%emt 0:00:05]} 15. Be3 {[%emt 0:00:14]} Nd7 {[%emt 0:00:02]} 16. Nc4 {[%emt 0:00:05]} Nf4 {[%emt 0:00:16]} 17. Qd2 {[%emt 0:00:10]} Nxd3 {[%emt 0:00:03]} 18. Qxd3 {[%emt 0:00:03]} Nf6 {[%emt 0:00:01]} 19. Nb6 {[%emt 0:00:08]} Nd7 {[%emt 0:00:03]} 20. Nc4 {[%emt 0:00:05]} f6 {[%emt 0:00:01]} 21. Ne2 {[%emt 0:00:19]} Bg6 {[%emt 0:00:02]} 22. Ng3 {[%emt 0:00:01]} Rf7 {[%emt 0:00:17]} 23. Bd2 {[%emt 0:00:04]} Rbf8 {[%emt 0:00:02]} 24. Ne3 {[%emt 0:00:02]} h6 {[%emt 0:00:17]} 25. h4 {[%emt 0:00:03]} Bh7 {[%emt 0:00:03]} 26. h5 {[%emt 0:00:01]} Rc8 {[%emt 0:00:07]} 27. Qc4 {[%emt 0:00:21]} Kh8 {[%emt 0:00:02]} 28. Ngf5 {[%emt 0:00:07]} Rcf8 {[%emt 0:00:17]} 29. g4 {[%emt 0:00:01]} Bd8 {[%emt 0:00:01]} 30. f3 {[%emt 0:00:01]} b5 {[%emt 0:00:04]} 31. axb6 {[%emt 0:00:01]} Nxb6 {[%emt 0:00:04]} 32. Qxa6 {[%emt 0:00:01]} Bxf5 {[%emt 0:00:08]} 33. gxf5 {[%emt 0:00:02]} c4 {[%emt 0:00:14]} 34. Nxc4 {[%emt 0:00:02]} Nxc4 {[%emt 0:00:04]} 35. Qxc4 {[%emt 0:00:03]} Qb6+ {[%emt 0:00:01]} 36. Kg2 {[%emt 0:00:02]} Rc7 {[%emt 0:00:01]} 37. Qd3 {[%emt 0:00:01]} Qb7 {[%emt 0:00:09]} 38. Be3 {[%emt 0:00:06]} Qc8 {[%emt 0:00:05]} 39. c4 {[%emt 0:00:02]} Be7 {[%emt 0:00:02]} 40. Ra4 {[%emt 0:00:07]} Qe8 {[%emt 0:00:01]} 41. Rh1 {[%emt 0:00:02]} Qf7 {[%emt 0:00:00]} 42. Ra7 {[%emt 0:00:04]} Rfc8 {[%emt 0:00:02]} 43. Rxc7 {[%emt 0:00:01]} Rxc7 {[%emt 0:00:00]} 44. b4 {[%emt 0:00:07]} Qe8 {[%emt 0:00:02]} 45. Qa3 {[%emt 0:00:02]} Rxc4 {[%emt 0:00:03]} 46. Rc1 {[%emt 0:00:10]} Rxc1 47. Qxc1 {[%emt 0:00:01]} 1-0

[Event "Floripa Super Blitz 2019"]
[Site "Florianopolis"]
[Date "2019.01.23"]
[Round "10"]
[White "Goncalves, Davi Sulzbacher"]
[Black "Sunye Neto, Jaime"]
[Result "0-1"]
[WhiteElo "2313"]
[BlackElo "2446"]
[Annotator "TA"]
[PlyCount "45"]
[EventDate "2019.01.23"]
[EventType "swiss"]
[EventCountry "BRA"]
[SourceTitle "playchess.com"]
[Source "ChessBase"]
[SourceQuality "1"]

{[%evp 10,45,38,21,37,23,38,40,38,15,29,25,27,20,20,0,24,7,16,19,19,-8,0,-23,-22,-19,-29,-159,-167,-159,0,-412,-447,-377,-141,-29996,-29997,-29998]} 1. d4 Nf6 2. c4 e6 3. g3 Bb4+ 4. Bd2 Qe7 5. Nf3 Bxd2+ 6. Qxd2 d6 {E11: Bogo-Indian} (6... Nc6 7. a3 d5 8. Bg2 dxc4 9. Qc3 e5 10. dxe5 Ng4 11. O-O O-O 12. Qxc4 Ncxe5 13. Nxe5 Nxe5 14. Qb4 Qxb4 15. axb4 {1-0 (44) Fridman,D (2591)-Almasi,Z (2702) Batumi 2018}) 7. Nc3 e5 8. Bg2 h6 {White is slightly better.} 9. d5 a5 10. O-O O-O 11. e4 Na6 12. Ne1 Nc5 13. Nd3 $146 ({Predecessor:} 13. b3 Nh7 14. Nd3 b6 15. f4 f6 16. f5 {0-1 (59) Jaroch,P (2252)-Mikes,J (2029) Frydek Mistek 2012}) 13... Nxd3 14. Qxd3 Nd7 15. b3 Nc5 16. Qc2 f5 17. f4 fxe4 {...Bf5 is the strong threat.} 18. Nxe4 (18. fxe5 $11 {keeps the balance.} Rxf1+ 19. Rxf1 Qxe5 20. Bxe4 (20. Nxe4 Bf5 $11)) 18... Bf5 $17 19. Rae1 {[#]} Rae8 $2 ({Black should play} 19... exf4 $1 $17 20. Rxf4 g6) 20. fxe5 $2 {[%mdl 8192]} (20. Qc3 $11 Bxe4 21. Bxe4) 20... Qxe5 $19 21. Rxf5 Rxf5 $2 {[#]} (21... Qxf5 $19 {and Black stays clearly on top.} 22. h4 Kh8) 22. Re2 $2 {[%mdl 8192]} (22. Nf6+ $1 $17 {[%mdl 512]} Rxf6 (22... Qxf6 23. Rxe8+) 23. Rxe5 Rxe5 24. h3) 22... Qa1+ 23. Re1 {Accuracy: White = 23%, Black = 52%.} 0-1

[Event "Floripa Super Blitz 2019"]
[Site "Florianopolis"]
[Date "2019.01.23"]
[Round "10"]
[White "Do Nascimento, Christian Almeida"]
[Black "Molina, Roberto Junio Brito"]
[Result "0-1"]
[WhiteElo "2029"]
[BlackElo "2458"]
[Annotator "RC"]
[PlyCount "140"]
[EventDate "2019.01.23"]
[EventType "swiss"]
[EventCountry "BRA"]
[SourceTitle "playchess.com"]
[Source "ChessBase"]
[SourceQuality "1"]
[TimeControl "180+2"]

1. d4 {[%emt 0:00:01]} d5 {[%emt 0:00:00]} 2. e3 {[%emt 0:00:03]} Nf6 {[%emt 0:00:03]} 3. f4 {[%emt 0:00:02]} g6 {[%emt 0:00:03]} 4. Nf3 {[%emt 0:00:02]} Bg7 {[%emt 0:00:02]} 5. Bd3 {[%emt 0:00:02]} b6 {[%emt 0:00:01]} 6. c3 {[%emt 0:00:02]} O-O {[%emt 0:00:02]} 7. Ne5 {[%emt 0:00:02]} Ba6 {[%emt 0:00:02]} 8. O-O {[%emt 0:00:03]} Qc8 {[%emt 0:00:04]} 9. Bxa6 {[%emt 0:00:19]} Qxa6 {[%emt 0:00:02]} 10. Nd2 {[%emt 0:00:03]} c5 {[%emt 0:00:02]} 11. Ndf3 {[%emt 0:00:02]} e6 {[%emt 0:00:16]} 12. Bd2 {[%emt 0:00:14]} Qb7 {[%emt 0:00:08]} 13. Be1 {[%emt 0:00:03]} Nc6 {[%emt 0:00:01]} 14. Bh4 {[%emt 0:00:03]} Ne4 {[%emt 0:00:03]} 15. Nd2 {[%emt 0:00:12]} Nd6 {[%emt 0:00:11]} 16. Nxc6 {[%emt 0:00:03]} Qxc6 {[%emt 0:00:01]} 17. Be7 {[%emt 0:00:01]} Rfe8 {[%emt 0:00:02]} 18. Bxd6 {[%emt 0:00:02]} Qxd6 {[%emt 0:00:01]} 19. Nf3 {[%emt 0:00:03]} b5 {[%emt 0:00:03]} 20. Qd3 {[%emt 0:00:01]} Rab8 {[%emt 0:00:04]} 21. a3 {[%emt 0:00:06]} a5 {[%emt 0:00:02]} 22. Ne5 {[%emt 0:00:23]} Rb7 {[%emt 0:00:14]} 23. Rf3 {[%emt 0:00:18]} b4 {[%emt 0:00:11]} 24. axb4 {[%emt 0:00:02]} axb4 {[%emt 0:00:01]} 25. Ra6 {[%emt 0:00:02]} Qf8 {[%emt 0:00:15]} 26. h3 {[%emt 0:00:13]} bxc3 {[%emt 0:00:04]} 27. bxc3 {[%emt 0:00:01]} Qe7 {[%emt 0:00:18]} 28. Rf1 {[%emt 0:00:11]} Rc8 {[%emt 0:00:04]} 29. Rfa1 {[%emt 0:00:07]} Rbc7 {[%emt 0:00:10]} 30. Ra8 {[%emt 0:00:05]} Bxe5 {[%emt 0:00:22]} 31. fxe5 {[%emt 0:00:02]} cxd4 {[%emt 0:00:07]} 32. cxd4 {[%emt 0:00:04]} Kg7 {[%emt 0:00:11]} 33. Rxc8 {[%emt 0:00:12]} Rxc8 {[%emt 0:00:00]} 34. Rf1 {[%emt 0:00:09]} Qg5 {[%emt 0:00:07]} 35. Rf4 {[%emt 0:00:09]} Qg3 {[%emt 0:00:08]} 36. Rf3 {[%emt 0:00:21]} Rc1+ {[%emt 0:00:04]} 37. Rf1 {[%emt 0:00:00]} Rxf1+ {[%emt 0:00:23]} 38. Kxf1 {[%emt 0:00:02]} h5 {[%emt 0:00:03]} 39. Qe2 {[%emt 0:00:09]} g5 {[%emt 0:00:12]} 40. Qxh5 {[%emt 0:00:07]} Qxe3 {[%emt 0:00:00]} 41. Qg4 {[%emt 0:00:02]} Kg6 {[%emt 0:00:08]} 42. g3 {[%emt 0:00:11]} Qc1+ {[%emt 0:00:03]} 43. Kg2 {[%emt 0:00:01]} Qc2+ {[%emt 0:00:01]} 44. Kg1 {[%emt 0:00:01]} Qf5 {[%emt 0:00:02]} 45. Kg2 {[%emt 0:00:05]} Qxg4 {[%emt 0:00:03]} 46. hxg4 {[%emt 0:00:01]} f6 {[%emt 0:00:01]} 47. Kf3 {[%emt 0:00:02]} fxe5 {[%emt 0:00:04]} 48. dxe5 {[%emt 0:00:01]} Kf7 {[%emt 0:00:00]} 49. Ke3 {[%emt 0:00:01]} Ke7 50. Kd4 {[%emt 0:00:01]} Kd7 {[%emt 0:00:01]} 51. Kc5 {[%emt 0:00:00]} Kc7 {[%emt 0:00:01]} 52. Kb5 {[%emt 0:00:01]} Kb7 {[%emt 0:00:02]} 53. Kc5 {[%emt 0:00:04]} Kc7 {[%emt 0:00:02]} 54. Kb5 {[%emt 0:00:01]} Kc8 {[%emt 0:00:01]} 55. Kc5 {[%emt 0:00:02]} Kd7 {[%emt 0:00:03]} 56. Kb5 {[%emt 0:00:02]} Kd8 {[%emt 0:00:03]} 57. Kc5 {[%emt 0:00:01]} Kc7 {[%emt 0:00:00]} 58. Kb5 {[%emt 0:00:01]} Kb7 {[%emt 0:00:02]} 59. Kc5 {[%emt 0:00:01]} Ka6 {[%emt 0:00:03]} 60. Kd6 {[%emt 0:00:01]} d4 {[%emt 0:00:01]} 61. Kxe6 {[%emt 0:00:01]} d3 {[%emt 0:00:00]} 62. Kf7 {[%emt 0:00:02]} d2 {[%emt 0:00:01]} 63. e6 {[%emt 0:00:01]} d1=Q {[%emt 0:00:02]} 64. e7 {[%emt 0:00:01]} Qf3+ {[%emt 0:00:04]} 65. Kg7 {[%emt 0:00:07]} Qe4 {[%emt 0:00:04]} 66. Kf7 {[%emt 0:00:05]} Qd5+ {[%emt 0:00:02]} 67. Kg7 {[%emt 0:00:02]} Qe6 {[%emt 0:00:02]} 68. Kf8 {[%emt 0:00:03]} Qf6+ {[%emt 0:00:02]} 69. Ke8 {[%emt 0:00:00]} Kb7 {[%emt 0:00:01]} 70. Kd7 {[%emt 0:00:01]} Qc6+ {[%emt 0:00:01]} 0-1